000 00501nam a2200181Ia 4500
003 GCL
008 140319s9999 xx 000 0 ara d
040 _aGCL /
_cGCL
082 0 4 _aط
_b813.087
_bب ج
100 1 _aمها محمد
245 1 0 _aجريمتا قتل فى شارع مورغ /
_cمها محمد
700 1 _aبودلير، شارل
490 _aسلسلة الخيال
_v0
650 0 4 _aالاطفال
650 0 4 _aالقصص
650 0 4 _aقصص الاطفال
942 _2ddc
_cBK
999 _c42982
_d42982